Pokémon - Équipes des Maîtres de la Ligue - Statistiques

Statistiques générales
  • Ce quiz a été pris 851 fois
  • Le résultat moyen est 60 sur 83
Statistiques - réponses
champion hint Réponse Type(s) % Correct
Blue Dracaufeu Feu/Vol
98%
Peter Dracaufeu Feu/Vol
98%
Tarak Dracaufeu Gigamax Feu/Vol
98%
Blue Tortank Eau
95%
Blue Roucarnage Normal/Vol
94%
Peter Dracolosse Dragon/Vol
94%
Peter Dracolosse Dragon/Vol
94%
Peter Dracolosse Dragon/Vol
94%
Trace Méga-Roucarnage Normal/Vol
94%
Cynthia Carchacrok Dragon/Sol
93%
Blue 1 parmi Florizarre Plante/Poison
93%
Blue Léviator Eau/Vol
92%
Peter Léviator Eau/Vol
92%
Marc Léviator Eau/Vol
92%
Marc Milobellus Eau
91%
Cynthia Milobellus Eau
91%
Blue Alakazam Psy
90%
Pierre Rochard (Méga-)Métalosse Acier/Psy
90%
Peter Ptéra Roche/Vol
90%
Cynthia Spiritomb Spectre/Ténèbres
90%
Pierre Rochard Airmure Acier/Vol
88%
Cynthia Lucario Combat/Acier
88%
Blue 2 parmi Noadkoko Plante/psy
84%
Cynthia Pt** Togekiss Fée/Vol
84%
Blue Arcanin Feu
83%
Goyah Pyrax Insecte/Feu
83%
Cynthia Roserade Plante/Poison
83%
Dianthéa Méga-Gardevoir Psy/Fée
82%
Iris Tranchodon Dragon
81%
Tarak Tranchodon Dragon
81%
Blue Rhinoféros Sol/Roche
80%
Pierre Rochard Galeking Acier/Roche
79%
Iris Galeking Acier/Roche
79%
Iris Trioxhydre Ténèbres/Dragon
79%
Dianthéa Brutalibré Combat/Vol
78%
Goyah Drakkarmin Dragon
78%
Iris Drakkarmin Dragon
78%
Pierre Rochard Armaldo Roche/Insecte
77%
Marc Ludicolo Eau/Plante
77%
Pierre Rochard Vacilys Roche/Plante
75%
Euphorbe 1 parmi Archéduc Plante/Spectre
74%
Euphorbe Félinferno Feu/Ténèbres
74%
Pierre Rochard Kaorine Sol/Psy
74%
Euphorbe Oratoria Eau/Fée
74%
Dianthéa Rexillius Roche/Dragon
74%
Cynthia DP** Tritosor Eau/Sol
74%
Tarak Pyrobut Feu
73%
Marc Barbicha Eau/Sol
72%
Euphorbe Feunard d'Alola Glace/Fée
72%
Dianthéa Dragmara Roche/Glace
70%
Euphorbe Lougaroc Roche
70%
Trace LGE* Raichu Électrik
69%
Tarak Lanssorien Dragon/Spectre
68%
Tarak Lézargus Eau
67%
Marc Tentacruel Eau/Poison
67%
Tarak 1 parmi Gorythmic Plante
64%
Dianthéa Muplodocus Dragon
64%
Tarak Exagide Acier/Spectre
63%
Trace Rafflésia Plante/Poison
62%
Dianthéa Banshitrouye Spectre/Plante
61%
Goyah Frison Normal
61%
Goyah Lançargot Insecte/Acier
60%
Goyah Limaspeed Insecte
60%
Iris Aéroptéryx Roche/Vol
59%
Goyah Sorbouboul Glace
59%
Euphorbe Magnézone Électrik/Acier
58%
Trace Galopa Feu
57%
Trace LGP* Voltali Électrik
55%
Trace Flagadoss Eau/Psy
54%
Iris Lokhlass Eau/Glace
54%
Alisma Floréclat Roche/Poison
52%
Alisma Scalpereur Ténèbres/Acier
51%
Tarak M. Glaquette Glace/Psy
49%
Marc Wailord Eau
49%
Alisma Cléopsytra Psy
47%
Tarak Rhinastoc Sol/Roche
42%
Euphorbe Ronflex Normal
39%
Trace Ossatueur Sol
38%
Alisma Délestin Eau/Psy
36%
Tarak 1 parmi Crapustule Eau/Sol
33%
Alisma Chevroum Plante
30%
Euphorbe Gueriaigle Normal/Vol
28%
Alisma Séracrawl Glace
27%
Aucun quiz correspondant
Distribution des résultats
% des personnes avec chaque résultat
Percentile par nombre de réponses
Votre historique - résultats
Vous n’avez pas pris ce quiz